[Event "Tula Sinitsin Memorial"]
[Site "Tula "]
[Date "2007.04.26"]
[Round "13"]
[White "Smolskiy, Mikhail"]
[Black "Abramov, Anatoli P"]
[Result "1/2-1/2"]
[WhiteElo "2042"]
[BlackElo "2121"]
[PlyCount "47"]
[EventDate "2007.04.06"]
[EventType "tourn"]
[EventRounds "13"]
[EventCountry "RUS"]
[SourceTitle "EXT 2008"]
[Source "ChessBase"]
[SourceDate "2007.11.25"]
[SourceVersion "1"]
[SourceVersionDate "2007.11.25"]
[SourceQuality "1"]

1. e4 c5 2. d4 cxd4 3. Nf3 Nc6 4. Bc4 e6 5. Nxd4 Nf6 6. Nxc6 bxc6 7. Qe2 d5 8. exd5 cxd5 9. Bb5+ Bd7 10. 0-0 Be7 11. a4 0-0 12. Bd3 Re8 13. Nd2 Bd6 14. c3 e5 15. h3 g6 16. a5 Nh5 17. Nb3 Rb8 18. Qd1 Qc7 19. Be2 Qb7 20. Bxh5 Qxb3 21. Qxb3 Rxb3 22. Bd1 Rbb8 23. Ba4 Bxa4 24. Rxa4 1/2-1/2

[Event "Tula Sinitsin Memorial"]
[Site "Tula "]
[Date "2007.04.24"]
[Round "12"]
[White "Abramov, Anatoli P"]
[Black "Kuznezov, Albert"]
[Result "1-0"]
[WhiteElo "2121"]
[BlackElo "2069"]
[PlyCount "127"]
[EventDate "2007.04.06"]
[EventType "tourn"]
[EventRounds "13"]
[EventCountry "RUS"]
[SourceTitle "EXT 2008"]
[Source "ChessBase"]
[SourceDate "2007.11.25"]
[SourceVersion "1"]
[SourceVersionDate "2007.11.25"]
[SourceQuality "1"]

1. c4 Nf6 2. Nc3 e6 3. e3 d5 4. cxd5 exd5 5. Nge2 Nbd7 6. g3 Be7 7. Bg2 c6 8. 0-0 0-0 9. Rb1 Re8 10. b4 a6 11. a4 Bd6 12. d4 Qc7 13. Qb3 Nb6 14. a5 Nbd7 15. Bd2 Nf8 16. Rb2 Bf5 17. Nc1 Ne4 18. Nxe4 Bxe4 19. f3 Bg6 20. Ne2 Nd7 21. Kf2 Nf6 22. Re1 Qd7 23. Ng1 Re7 24. Bf1 Rae8 25. Nh3 Bf5 26. Nf4 g5 27. Nd3 g4 28. Ne5 Bxe5 29. dxe5 Rxe5 30. Bc3 R5e6 31. Bxf6 Rxf6 32. f4 Rfe6 33. Rd2 Qe7 34. Qc3 Re4 35. Rd4 Qf6 36. Bg2 Rxd4 37. exd4 Rxe1 38. Kxe1 Qe6+ 39. Kf2 Be4 40. Bf1 Qh6 41. Kg1 Qg6 42. Qe3 Qf5 43. Be2 h5 44. Kf2 Kf8 45. Qc3 Bc2 46. Qe3 Qe4 47. Bf1 Qxe3+ 48. Kxe3 Kg7 49. h3 f5 50. h4 Kf6 51. Be2 Ke6 52. Kd2 Be4 53. Kc3 Kd6 54. Bf1 Kc7 55. Be2 Kb8 56. Bf1 Ka7 57. Be2 b6 58. Bf1 bxa5 59. bxa5 Kb7 60. Kb4 Bc2 61. Be2 Be4 62. Kc5 Bb1 63. Bd1 Be4 64. Ba4 1-0

[Event "Tula Sinitsin Memorial"]
[Site "Tula "]
[Date "2007.04.17"]
[Round "6"]
[White "Abramov, Anatoli P"]
[Black "Kazakov, Nikolay"]
[Result "1-0"]
[WhiteElo "2121"]
[BlackElo "2018"]
[PlyCount "63"]
[EventDate "2007.04.06"]
[EventType "tourn"]
[EventRounds "13"]
[EventCountry "RUS"]
[SourceTitle "EXT 2008"]
[Source "ChessBase"]
[SourceDate "2007.11.25"]
[SourceVersion "1"]
[SourceVersionDate "2007.11.25"]
[SourceQuality "1"]

1. d4 Nf6 2. Nf3 b6 3. Bf4 Bb7 4. Nbd2 e6 5. e3 Be7 6. Bd3 d5 7. Ne5 0-0 8. Qf3 Nbd7 9. Qh3 g6 10. Bh6 Re8 11. f4 c5 12. c3 c4 13. Bc2 Rc8 14. Ndf3 Ne4 15. Ba4 b5 16. Bxb5 Qb6 17. Bxd7 Qxb2 18. 0-0 Nf2 19. Qg3 Ne4 20. Qe1 Nxc3 21. Bxe8 Rxe8 22. Rf2 Qa3 23. Qc1 Qa5 24. a3 Ne4 25. Rb2 Qc7 26. Qc2 f6 27. Qa4 Qc8 28. Rxb7 fxe5 29. Nxe5 c3 30. Rc7 Qxc7 31. Qxe8+ Bf8 32. Qxf8# 1-0

[Event "Moscow-ch"]
[Site "Moscow"]
[Date "1997.??.??"]
[Round "1"]
[White "Abramov, Anatoli P"]
[Black "Frog, Ilya"]
[Result "0-1"]
[WhiteElo "2160"]
[BlackElo "2410"]
[PlyCount "102"]
[EventDate "1997.??.??"]
[EventType "swiss"]
[EventRounds "9"]
[EventCountry "RUS"]
[SourceTitle "EXT 2000"]
[Source "ChessBase"]
[SourceDate "1999.11.16"]
[SourceVersion "1"]
[SourceVersionDate "1999.11.16"]
[SourceQuality "1"]

1. Nf3 Nf6 2. c4 c5 3. Nc3 Nc6 4. g3 g6 5. Bg2 Bg7 6. 0-0 0-0 7. d4 cxd4 8. Nxd4 Nxd4 9. Qxd4 d6 10. Qd3 Bf5 11. e4 Be6 12. Bd2 Nd7 13. b3 a6 14. Rac1 Ne5 15. Qe2 Nc6 16. Be3 Re8 17. Nd5 Bxd5 18. cxd5 Ne5 19. Rc2 Rc8 20. Rxc8 Qxc8 21. Rc1 Qd8 22. Bh3 e6 23. dxe6 fxe6 24. f4 Nc6 25. Rd1 e5 26. Qc4+ Kh8 27. f5 Nd4 28. fxg6 hxg6 29. Qf7 Kh7 30. Qxb7 Qa5 31. Bg4 Qxa2 32. Rxd4 exd4 33. Bxd4 Qb1+ 34. Kf2 Rf8+ 35. Ke2 Qf1+ 36. Kd2 Rf7 37. Qd5 Bxd4 38. Qxd4 Rf2+ 39. Kc3 Qa1+ 40. Kc4 Rc2+ 41. Kd5 Rc5+ 42. Qxc5 dxc5 43. Kxc5 Qe5+ 44. Kb6 Qxe4 45. Bc8 Qb4+ 46. Kxa6 Qxb3 47. h3 Qxg3 48. Kb7 Kh6 49. Bd7 Kg5 50. Kc6 Kh4 51. Be6 g5 0-1

[Event "Moscow-ch"]
[Site "Moscow"]
[Date "1997.??.??"]
[Round "6"]
[White "Bahtin, Vladimir"]
[Black "Abramov, Anatoli P"]
[Result "1/2-1/2"]
[WhiteElo "2305"]
[BlackElo "2160"]
[PlyCount "86"]
[EventDate "1997.??.??"]
[EventType "swiss"]
[EventRounds "9"]
[EventCountry "RUS"]
[SourceTitle "EXT 2000"]
[Source "ChessBase"]
[SourceDate "1999.11.16"]
[SourceVersion "1"]
[SourceVersionDate "1999.11.16"]
[SourceQuality "1"]

1. d4 Nf6 2. Bg5 d5 3. Bxf6 gxf6 4. c4 c6 5. e3 e6 6. Nc3 Nd7 7. Bd3 a6 8. Nge2 f5 9. Nf4 Nf6 10. 0-0 Bd6 11. Qf3 Ne4 12. Rfd1 Qf6 13. cxd5 Ng5 14. Qh5 exd5 15. Nce2 Bd7 16. Rac1 Ke7 17. Re1 Rag8 18. Nc3 Be6 19. Nce2 Rg7 20. f3 Rhg8 21. h4 Ne4 22. fxe4 fxe4 23. Bb1 Rxg2+ 24. Nxg2 Bh3 25. Nef4 Bxf4 26. exf4 Qxd4+ 27. Kh1 Bxg2+ 28. Kh2 Qf2 29. Qe5+ Kf8 30. Qd6+ Kg7 31. Rg1 Qxh4+ 32. Kxg2 Kh8+ 33. Kf1 Qh3+ 34. Ke2 Qf3+ 35. Kd2 Qf2+ 36. Kc3 Qe3+ 37. Kb4 a5+ 38. Kxa5 Ra8+ 39. Kb4 Qb6+ 40. Kc3 Qe3+ 41. Kb4 Qb6+ 42. Kc3 Qe3+ 43. Kb4 Qb6+ 1/2-1/2

[Event "Moscow-ch"]
[Site "Moscow"]
[Date "1996.??.??"]
[Round "9"]
[White "Abramov, Anatoli P"]
[Black "Feoktistov, Alexey A"]
[Result "0-1"]
[WhiteElo "2110"]
[BlackElo "2290"]
[PlyCount "66"]
[EventDate "1996.08.??"]
[EventType "swiss"]
[EventRounds "11"]
[EventCountry "RUS"]
[SourceTitle "CBM 055 Extra"]
[Source "ChessBase"]
[SourceDate "1997.01.01"]
[SourceVersion "1"]
[SourceVersionDate "1997.01.01"]
[SourceQuality "1"]

1. c4 e5 2. Nc3 Nf6 3. Nf3 Nc6 4. d3 Bb4 5. Bd2 0-0 6. g3 Re8 7. Bg2 Bxc3 8. Bxc3 e4 9. dxe4 Nxe4 10. Rc1 Qe7 11. 0-0 d6 12. e3 Bg4 13. h3 Be6 14. Nd4 Bd7 15. Nb5 Rac8 16. Be1 Qf6 17. Nc3 Nc5 18. b3 Bf5 19. Bd2 Qg6 20. Kh2 Nb4 21. e4 Bd7 22. Be3 Nxe4 23. Nxe4 Rxe4 24. a3 Nc6 25. Bxe4 Qxe4 26. Qd5 Qg6 27. Rce1 Ne5 28. Qxb7 Qh5 29. f4 Qxh3+ 30. Kg1 Bc6 31. Qxc8+ Qxc8 32. fxe5 Qh3 33. Re2 Qxg3+ 0-1

[Event "Moscow-ch"]
[Site "Moscow"]
[Date "1996.??.??"]
[Round "11"]
[White "Abramov, Anatoli P"]
[Black "Kosteniuk, Alexandra"]
[Result "0-1"]
[WhiteElo "2110"]
[BlackElo "2295"]
[PlyCount "168"]
[EventDate "1996.08.??"]
[EventType "swiss"]
[EventRounds "11"]
[EventCountry "RUS"]
[SourceTitle "CBM 055 Extra"]
[Source "ChessBase"]
[SourceDate "1997.01.01"]
[SourceVersion "1"]
[SourceVersionDate "1997.01.01"]
[SourceQuality "1"]

1. c4 f5 2. g3 d6 3. Bg2 Nf6 4. Nc3 e5 5. d3 c6 6. e3 Be7 7. Nge2 Be6 8. b3 0-0 9. 0-0 Qe8 10. d4 Qh5 11. Ba3 Rd8 12. Qc2 Bf8 13. Rad1 Nbd7 14. dxe5 dxe5 15. Bxf8 Nxf8 16. Rxd8 Rxd8 17. Rd1 Qe8 18. h3 Rxd1+ 19. Qxd1 Qd7 20. Qxd7 N8xd7 21. f4 h6 22. e4 fxe4 23. fxe5 Nxe5 24. Kf2 Nd3+ 25. Ke3 Ne1 26. Bf1 Nc2+ 27. Kd2 Nb4 28. Nd4 Bd7 29. a3 c5 30. Ndb5 Nc6 31. Ke3 a6 32. Nd6 b6 33. Ndxe4 Nxe4 34. Kxe4 Nd4 35. Kd5 Nf5 36. Ke5 Nxg3 37. Bg2 Be8 38. Nd5 Ne2 39. Nxb6 Nc1 40. Kd6 Nxb3 41. Bf3 Nd2 42. Bb7 Nb1 43. a4 a5 44. Be4 Nc3 45. Bc2 g5 46. Kxc5 h5 47. Kd4 Ne2+ 48. Ke3 Nf4 49. c5 Kf7 50. Nc4 Ke6 51. Bb3 Kd7 52. Nxa5 Nxh3 53. Nc4 Nf4 54. Ne5+ Kc7 55. a5 Bb5 56. Nf7 Nd3 57. Nd6 Ba6 58. Kd4 g4 59. Bd5 Nf4 60. Ne8+ Kd8 61. Nf6 g3 62. Nxh5 Nxh5 63. Ke3 Ke7 64. Bg2 Kf6 65. c6 Ke5 66. Kf3 Kd6 67. Bh3 Bb5 68. Kg4 Be2+ 69. Kh4 Kxc6 70. Bg2+ Kb5 71. Ba8 Kxa5 72. Bd5 Nf4 73. Be4 Nh5 74. Kh3 Bf1+ 75. Kh4 Nf6 76. Kxg3 Nxe4+ 77. Kf4 Bg2 78. Ke3 Kb4 79. Kd4 Nc3 80. Kd3 Nb5 81. Ke3 Kc4 82. Kf2 Bc6 83. Ke3 Nd4 84. Kf4 Kd5 0-1

[Event "Moscow Alekhine op"]
[Site "Moscow"]
[Date "1996.??.??"]
[Round "7"]
[White "Abramov, Anatoli P"]
[Black "Svistunov, Konstantin"]
[Result "0-1"]
[WhiteElo "2085"]
[BlackElo "2260"]
[PlyCount "76"]
[EventDate "1996.??.??"]
[EventType "swiss"]
[EventRounds "9"]
[EventCountry "RUS"]
[SourceTitle "EXT 1999"]
[Source "ChessBase"]
[SourceDate "1998.11.16"]
[SourceVersion "1"]
[SourceVersionDate "1998.11.16"]
[SourceQuality "1"]

1. c4 e6 2. Nf3 Nf6 3. Nc3 b6 4. g3 Bb7 5. Bg2 c5 6. 0-0 Be7 7. d4 cxd4 8. Qxd4 0-0 9. e4 d6 10. b3 a6 11. Bb2 Qc7 12. Rac1 Nbd7 13. Rfe1 Rfd8 14. Qd2 Rac8 15. Nd4 Qb8 16. Qe2 Qa8 17. Bh3 Bf8 18. Rcd1 Re8 19. Rd2 Rc5 20. Bg2 d5 21. b4 Rxc4 22. a3 Rec8 23. e5 Ne8 24. Nd1 a5 25. b5 R4c7 26. f4 g6 27. Bh3 Ng7 28. Ne3 Nc5 29. g4 Na4 30. f5 Nxb2 31. Rxb2 Bxa3 32. f6 Bxb2 33. Qxb2 a4 34. fxg7 a3 35. Qa2 Qa4 36. Rd1 Rc1 37. Qd2 Rxd1+ 38. Nxd1 a2 0-1

[Event "Moscow Alekhine op"]
[Site "Moscow"]
[Date "1996.??.??"]
[Round "4"]
[White "Dolinskij, Boris"]
[Black "Abramov, Anatoli P"]
[Result "1-0"]
[WhiteElo "2265"]
[BlackElo "2085"]
[PlyCount "70"]
[EventDate "1996.??.??"]
[EventType "swiss"]
[EventRounds "9"]
[EventCountry "RUS"]
[SourceTitle "EXT 1999"]
[Source "ChessBase"]
[SourceDate "1998.11.16"]
[SourceVersion "1"]
[SourceVersionDate "1998.11.16"]
[SourceQuality "1"]

1. d4 Nf6 2. c4 g6 3. Nc3 d5 4. cxd5 Nxd5 5. e4 Nxc3 6. bxc3 Bg7 7. Bb5+ Bd7 8. Be2 c5 9. Nf3 cxd4 10. cxd4 Qa5+ 11. Bd2 Qa4 12. Qxa4 Bxa4 13. 0-0 0-0 14. Rac1 Nd7 15. Rc7 e5 16. d5 b6 17. Rfc1 Rfe8 18. Bb4 Bf8 19. d6 a5 20. Ba3 Rad8 21. Ra7 b5 22. Rxa5 Bh6 23. Rc7 Nf6 24. Raa7 Nxe4 25. d7 Rxd7 26. Rxd7 Nc3 27. Bf1 e4 28. Nd4 e3 29. Re7 exf2+ 30. Kxf2 Rd8 31. Rad7 Rc8 32. Rc7 Be3+ 33. Kxe3 Nd5+ 34. Kd2 Nxc7 35. Re5 Rd8 1-0

[Event "Moscow Alekhine op"]
[Site "Moscow"]
[Date "1996.??.??"]
[Round "6"]
[White "Granovskiy, Alexandr"]
[Black "Abramov, Anatoli P"]
[Result "1-0"]
[WhiteElo "2255"]
[BlackElo "2085"]
[PlyCount "83"]
[EventDate "1996.??.??"]
[EventType "swiss"]
[EventRounds "9"]
[EventCountry "RUS"]
[SourceTitle "EXT 1999"]
[Source "ChessBase"]
[SourceDate "1998.11.16"]
[SourceVersion "1"]
[SourceVersionDate "1998.11.16"]
[SourceQuality "1"]

1. d4 Nf6 2. c4 g6 3. Nc3 d5 4. Nf3 Bg7 5. Bg5 Ne4 6. cxd5 Nxg5 7. Nxg5 e6 8. Qd2 exd5 9. Qe3+ Kf8 10. Qf4 Bf6 11. Nf3 Kg7 12. g4 h6 13. 0-0-0 c6 14. h4 Nd7 15. Bg2 g5 16. Qg3 Nf8 17. hxg5 Bxg5+ 18. e3 Ng6 19. Ne5 Bh4 20. Qh3 h5 21. Nxg6 hxg4 22. Qxh4 Rxh4 23. Nxh4 Qg5 24. Rdg1 Be6 25. Nf3 Qf5 26. Ne5 Rh8 27. Bh3 Qxf2 28. Nd1 Qe2 29. Rg2 Rxh3 30. Rxe2 Rxh1 31. Rg2 f5 32. Nd3 Kf6 33. Kd2 Kg5 34. N1f2 Rh8 35. Rg1 Bf7 36. Nf4 b6 37. Rh1 Re8 38. N2d3 Re7 39. Rh7 c5 40. Ne5 cxd4 41. Nxf7+ Kf6 42. Nxd5+ 1-0

[Event "RUS-Cup2"]
[Site "Moscow"]
[Date "1996.??.??"]
[Round "6"]
[White "Iskusnyh, Sergei"]
[Black "Abramov, Anatoli P"]
[Result "1-0"]
[WhiteElo "2460"]
[BlackElo "2110"]
[PlyCount "61"]
[EventDate "1996.11.28"]
[EventType "swiss"]
[EventRounds "9"]
[EventCountry "RUS"]
[SourceTitle "CBM 056 Extra"]
[Source "ChessBase"]
[SourceDate "1997.03.01"]
[SourceVersion "1"]
[SourceVersionDate "1997.03.01"]
[SourceQuality "1"]

1. d4 Nf6 2. c4 g6 3. Nc3 d5 4. Nf3 Bg7 5. Qb3 dxc4 6. Qxc4 0-0 7. e4 Nc6 8. Be2 Bg4 9. d5 Bxf3 10. gxf3 Ne5 11. Qb3 c6 12. f4 Ned7 13. Be3 cxd5 14. e5 Ne4 15. Nxe4 dxe4 16. Qxb7 Qa5+ 17. b4 Qa4 18. Bd1 Qa3 19. Bb3 Nb6 20. Qxe4 e6 21. 0-0 Rfd8 22. Rad1 Bf8 23. f5 Rxd1 24. Rxd1 gxf5 25. Qg2+ Kh8 26. Bg5 h6 27. Bf6+ Kh7 28. Kh1 Qxb4 29. Rg1 Qg4 30. Qxg4 fxg4 31. Bc2+ 1-0

[Event "Moscow-ch"]
[Site "Moscow"]
[Date "1996.??.??"]
[Round "1"]
[White "Kansafarov, Marat"]
[Black "Abramov, Anatoli P"]
[Result "1/2-1/2"]
[WhiteElo "2380"]
[BlackElo "2110"]
[PlyCount "91"]
[EventDate "1996.08.??"]
[EventType "swiss"]
[EventRounds "11"]
[EventCountry "RUS"]
[SourceTitle "CBM 055 Extra"]
[Source "ChessBase"]
[SourceDate "1997.01.01"]
[SourceVersion "1"]
[SourceVersionDate "1997.01.01"]
[SourceQuality "1"]

1. d4 Nf6 2. Nf3 g6 3. Bf4 Bg7 4. e3 d5 5. Be2 c5 6. c3 cxd4 7. exd4 Nc6 8. h3 0-0 9. 0-0 b6 10. Bd3 Bb7 11. Qe2 e6 12. Nbd2 Rc8 13. Ne5 Nh5 14. Bh2 Nxe5 15. Bxe5 f6 16. Bh2 e5 17. g4 Nf4 18. Bxf4 exf4 19. Qf3 Qd6 20. Rfe1 Rce8 21. Re2 Rxe2 22. Qxe2 Bc6 23. Nf3 Re8 24. Qd2 Bd7 25. Re1 Rxe1+ 26. Qxe1 Qe6 27. Kg2 Kf7 28. Qxe6+ Bxe6 29. Ne1 h6 30. Kf3 g5 31. Ke2 Ke7 32. Nc2 Bf8 33. b3 Kd8 34. Kd2 Bd6 35. f3 Bf7 36. c4 h5 37. Kc3 hxg4 38. hxg4 a5 39. a3 Kc7 40. b4 dxc4 41. Bxc4 Bg6 42. bxa5 bxa5 43. Bd3 Be8 44. Be4 Ba4 45. Kb2 Bxc2 46. Bxc2 1/2-1/2